00323nam a22001337a 4500003000700000005001700007008004100024082001700065100002900082245004600111260001900157300000800176650000500184MPLRDC20220104123422.0210129b ||||| |||| 00| 0 eng d a958 MAL v.20 a马来西亚影艺协会 a第廿届马来西亚国际摄影沙龙c ab不详c1990 b平 a